Kansas Cities and CDP Areas that start with D - Statistics

General Stats
  • This quiz has been taken 2 times
  • The average score is 2 of 23
Answer Stats
Type Of Community Community % Correct
City Dodge City
100%
City Derby
50%
City Damar
0%
City Danville
0%
City Dearing
0%
City Deerfield
0%
City Delia
0%
City Delphos
0%
City Denison
0%
CDP Dennis
0%
City Denton
0%
City De Soto
0%
CDP Detroit
0%
CDP Devon
0%
City Dexter
0%
City Dighton
0%
City Dorrance
0%
City Douglass
0%
City Downs
0%
City Dresden
0%
City Dunlap
0%
City Durham
0%
City Dwight
0%
No matching quizzes found
Score Distribution
Percent of People with Each Score
Percentile by Number Answered
Your Score History
You have not taken this quiz